Management Accounting : Text, Problems and Cases / (Record no. 1874)

MARC details
000 -LEADER
Fixed length control field 00477nam a2200181 4500
003 - CONTROL NUMBER IDENTIFIER
Control field SEACOMEC
005 - DATE AND TIME OF LATEST TRANSACTION
Control field 20241210125651.0
008 - FIXED-LENGTH DATA ELEMENTS--GENERAL INFORMATION
Fixed length control field 241210b |||||||| |||| 00| 0 eng d
020 ## - INTERNATIONAL STANDARD BOOK NUMBER / ISBN
International Standard Book Number 7040162261
040 ## - CATALOGING SOURCE
Original cataloging agency SEACOMEC
082 ## - DEWEY DECIMAL CLASSIFICATION NUMBER
Classification number 658.151
Book Number K45
100 ## - MAIN ENTRY--PERSONAL NAME
Personal name Khan, M Y
245 ## - TITLE STATEMENT
Title Management Accounting : Text, Problems and Cases /
Statement of responsibility M Y Khan & P K Jain
250 ## - EDITION STATEMENT
Edition statement 4th ed
260 ## - IMPRINT
Place of publication New Delhi
Name of publisher McGraw Hill Education
Date of publication 2007
300 ## - PHYSICAL DESCRIPTION
Page / Vol. No 990 p
942 ## - ADDED ENTRY ELEMENTS (KOHA)
Koha item type Books
Holdings
Withdrawn status Lost status Source of classification Damaged status Not for loan Home library Current library Date acquired Total Checkouts Call number Accession number Date last seen Price effective from Koha item type Copy number
    Dewey Decimal Classification     SEACOM ENGINEERING COLLEGE SEACOM ENGINEERING COLLEGE 08/04/2008   658.151 K45 10803 10/12/2024 10/12/2024 Books  
    Dewey Decimal Classification     SEACOM ENGINEERING COLLEGE SEACOM ENGINEERING COLLEGE 08/04/2008   658.151 K45 10804 10/12/2024 10/12/2024 Books 1
    Dewey Decimal Classification     SEACOM ENGINEERING COLLEGE SEACOM ENGINEERING COLLEGE 08/04/2008   658.151 K45 10805 10/12/2024 10/12/2024 Books 2
    Dewey Decimal Classification     SEACOM ENGINEERING COLLEGE SEACOM ENGINEERING COLLEGE 08/04/2008   658.151 K45 10806 10/12/2024 10/12/2024 Books 3
    Dewey Decimal Classification     SEACOM ENGINEERING COLLEGE SEACOM ENGINEERING COLLEGE 08/04/2008   658.151 K45 10807 10/12/2024 10/12/2024 Books 4
    Dewey Decimal Classification     SEACOM ENGINEERING COLLEGE SEACOM ENGINEERING COLLEGE 08/04/2008   658.151 K45 10808 10/12/2024 10/12/2024 Books 5
© Seacom Engineering College, All rights reserved.      Powered by Koha